[Event "AUT-chT 0203"]
[Site "Austria"]
[Date "2003.01.24"]
[Round "6"]
[White "Frosch, Erich"]
[Black "Gaertner, Guntram"]
[Result "0-1"]
[WhiteElo "2343"]
[BlackElo "2357"]
[PlyCount "67"]
[EventDate "2002.12.05"]
[EventType "team-tourn"]
[EventRounds "11"]
[EventCountry "AUT"]
[SourceTitle "EXT 2004"]
[Source "ChessBase"]
[SourceDate "2003.11.25"]
[SourceVersion "1"]
[SourceVersionDate "2003.11.25"]
[SourceQuality "1"]
[WhiteTeam "Graz Austria"]
[BlackTeam "Hohenems"]
[WhiteTeamCountry "AUT"]
[BlackTeamCountry "AUT"]

1. d4 Nf6 2. c4 e6 3. Nf3 b6 4. g3 Bb7 5. Bg2 Be7 6. 0-0 0-0 7. Nc3 Ne4 8. Qc2 Nxc3 9. Qxc3 c5 10. dxc5 bxc5 11. Rd1 d6 12. Qd3 Nc6 13. Bd2 a5 14. h4 h6 15. Bc3 e5 16. Qc2 Qc7 17. Nh2 f5 18. Bd5+ Kh8 19. Qd2 Nd4 20. Bxd4 cxd4 21. Rac1 Bxd5 22. cxd5 Qb7 23. e3 dxe3 24. fxe3 f4 25. exf4 exf4 26. gxf4 Bxh4 27. Nf3 Bg3 28. Rc4 Qf7 29. Qd3 Qf5 30. Ne5 dxe5 31. Qxg3 exf4 32. Qf3 Rae8 33. Rd3 Rf6 34. Kf1 0-1

[Event "AUT-chT 0203"]
[Site "Austria"]
[Date "2002.12.08"]
[Round "4.4"]
[White "Frosch, Erich"]
[Black "Boehsmueller, Raimund"]
[Result "1-0"]
[WhiteElo "2343"]
[BlackElo "2212"]
[PlyCount "51"]
[EventDate "2002.12.05"]
[EventType "team-tourn"]
[EventRounds "11"]
[EventCountry "AUT"]
[SourceTitle "CBM 091 ext"]
[Source "ChessBase"]
[SourceDate "2003.01.09"]
[SourceVersion "1"]
[SourceVersionDate "2003.01.09"]
[SourceQuality "1"]
[WhiteTeam "Graz Austria"]
[BlackTeam "Melk-Wachau SK NOE"]
[WhiteTeamCountry "AUT"]
[BlackTeamCountry "AUT"]

1. d4 Nf6 2. Nf3 d6 3. c4 g6 4. Nc3 Bg7 5. e4 0-0 6. Be2 c6 7. 0-0 a6 8. b4 b5 9. a4 Bb7 10. Qc2 e5 11. dxe5 dxe5 12. Be3 bxc4 13. Bxc4 Nbd7 14. a5 Ne8 15. Na4 Nd6 16. Rfd1 Qe7 17. Bg5 Bf6 18. Rxd6 Qxd6 19. Rd1 Qe7 20. Rxd7 Qxd7 21. Bxf6 Qd6 22. Bxe5 Qxb4 23. Bf6 h6 24. h4 Rfe8 25. e5 c5 26. Qxg6+ 1-0